000 00300nam a2200109Ia 4500
008 171211s9999 xx 000 0 und d
245 _aWeight Management for Triathletes
245 _cIngrid Loos Miller
260 _c2010
650 _xFITNESS
856 _uhttp://down.ebook777.com/062/1841262900.pdf
999 _c349056
_d349056